| 000 | 00000nam##2200000za#4500 |
| 001 | 9.531374 |
| 003 | CaOODSP |
| 005 | 20210615083054 |
| 007 | ta |
| 008 | 150406|1998||||xxc||||| f|0| 0 eng|d |
| 020 | |a0-662-63955-3 |
| 040 | |aCaOODSP|beng |
| 041 | |aeng |
| 041 | |afre |
| 043 | |an-cn--- |
| 086 | 1 |aC21-27/3-1998-1 |
| 110 | 1 |aCanada. |bIndustry Canada. |
| 245 | 10|aInstitutions and growth: framework policy as a tool of competitive advantage for Canada / |cby Ronald Daniels. |
| 260 | |aOttawa - Ontario : |bIndustry Canada |c1998. |
| 300 | |aEnglish text, 46p. : |breferences ; |c23 cm. |
| 490 | 1 |aCanada in the 21st century. III. Responding to the challenges|vNo. 11 |
| 546 | |aBilingual |
| 563 | |aSoftcover |
| 590 | |a99-43|b1999-10-29 |
| 690 | 07|aGovernment policy|2gcpds |
| 690 | 07|aCompetitiveness|2gcpds |
| 690 | 07|aEconomic conditions|2gcpds |
| 720 | 1 |aDaniels, Ronald |
| 776 | 0#|tInstitutions and growth : |w(CaOODSP)9.571955 |
| 776 | 0#|tInstitutions et croissance : |w(CaOODSP)9.602375 |
| 792 | |tInstitutions et croissance: les politiques-cadres en tant qu'instrument de compétitivité pour le Canada / |efre|w(CaOODSP)9.531375 |
| 830 | #0|aCanada in the 21st century. III. Responding to the challenges ;|vNo. 11|w(CaOODSP)9.509066 |